000
00240nam a2200097Ia 4500
008
240331s9999 xx 000 0 und d
082
_b
DOI
100
_a
Gay,P.D
245
0
_a
Doing cultural studies :
_b
the story of the sony walkman
942
_c
L
999
_c
2085
_d
2085